|
|
|
|
| LEADER |
00933nam a22002291a 4500 |
| 001 |
c000372607 |
| 003 |
CARM |
| 005 |
20010105205515.0 |
| 008 |
870210s1971 fr 000 0 fre d |
| 019 |
1 |
|
|a 8784828
|z 45072427
|z 5228490
|z 54072465
|5 LACONCORD2021
|
| 035 |
|
|
|a (OCoLC)273700
|5 LACONCORD2021
|
| 040 |
|
|
|a NZOC
|b eng
|c NZOC
|d NZOC
|
| 082 |
0 |
4 |
|a 786.41
|
| 100 |
1 |
|
|a Butor, Michel,
|d 1926-
|
| 245 |
1 |
0 |
|a Dialogue avec 33 [trente-trois] variations de Ludwig van Beethoven sur une valse de Diabelli /
|c Michel Butor.
|
| 260 |
|
|
|a Paris :
|b Gallimard,
|c 1971.
|
| 300 |
|
|
|a 146 p.
|
| 490 |
0 |
|
|a Collection Le Chemin
|
| 600 |
1 |
0 |
|a Beethoven, Ludwig van,
|d 1770-1827.
|t Veränderungen über einen Walzer.
|
| 852 |
8 |
|
|b CARM
|h A1:AO07C0
|i A04465
|p 0359908
|f BK
|
| 999 |
f |
f |
|i a6c79556-96a2-51ac-a7ba-a6e2516b6262
|s 4940c61e-500a-5e7c-8de2-66adb95432a3
|
| 952 |
f |
f |
|p Can circulate
|a CAVAL
|b CAVAL
|c CAVAL
|d CARM 1 Store
|e A04465
|f A1:AO07C0
|h Other scheme
|i book
|m 0359908
|